The Negro wage earner /

Bibliographic Details
Main Author: Greene, Lorenzo J. (Lorenzo Johnston), 1899-1988
Corporate Author: Association for the Study of Negro Life and History, inc
Other Authors: Woodson, Carter Godwin, 1875-1950
Format: Book
Language:English
Published: Washington, D. C. : The Association for the study of Negro life and history, inc., [1930]
Subjects:

MARC

Tag First Indicator Second Indicator Subfields
LEADER 00000cam a2200000 4500
001 in00000059410
005 20151007082424.0
008 730412s1930 dcua b 00010 eng
010 |a  31000493  
035 |a (OCoLC)00602820 
035 |9 AAF7847AM 
040 |a DLC  |c CNC  |d OCL  |d TXA  |d UtOrBLW 
049 |a TXAM  |c [183809] 
050 0 |a E185.8  |b .G79 
082 0 |a 325.26 
092 |a 325.26  |b G811n 
100 1 |a Greene, Lorenzo J.  |q (Lorenzo Johnston),  |d 1899-1988. 
245 1 4 |a The Negro wage earner /  |c by Lorenzo J. Greene and Carter G. Woodson. 
264 1 |a Washington, D. C. :  |b The Association for the study of Negro life and history, inc.,  |c [1930] 
264 4 |c [©1930] 
300 |a xiii pages, 1 ., 388 pages :  |b including tables, diagrams ;  |c 23 cm. 
336 |a text  |b txt  |2 rdacontent 
337 |a unmediated  |b n  |2 rdamedia 
338 |a volume  |b nc  |2 rdacarrier 
504 |a Bibliography: pages [369]-380. 
650 0 |a African Americans  |x Employment. 
650 0 |a African Americans  |x Social conditions. 
700 1 |a Woodson, Carter Godwin,  |d 1875-1950. 
710 2 |a Association for the Study of Negro Life and History, inc. 
999 |a MARS 
999 f f |s bcb59001-cb48-3558-82d5-2fd0431c2edb  |i af65e541-5362-3d0f-8512-7a735174de83  |t 0 
952 f f |p normal  |a Texas A&M University  |b College Station  |c Sterling C. Evans Library  |d Evans: Library Stacks  |t 0  |e E185.8 .G79  |h Library of Congress classification  |i unmediated -- volume  |m A14800669762 
998 f f |a E185.8 .G79  |t 0  |l Evans: Library Stacks